00734nam a2200169 a 450000100100000000500170001000800410002704000250006808200160009310000320010924501060014126000670024730000200031450000990033495201140043399900170054700003510320200930074115.0111025s1909 sp 000 0 spa d aDO-SdBNPbspacBNPHU axxxxbD852p1 aDueñas, Muñoz F.96077510aPuertas al campo :bjuguete cósmico en un acto y en prosa /cMuñoz F. Dueñas, Pascual Montagud. aMadrid :bB. Velasco, Impresos, Marqués de Santa Ana,c1909. a31 p. ;c20 cm. aEstrenado con extraordinario éxito en el Teatro lo Rat Pena te Madrid el 3 de abril de 1909. 001050718MOaGRbGRcCTd2011-10-25iLF1l0oxxxx D852pp35103-10r2020-06-25w2020-06-25y1ZNo se presta c34594d34594